Mammalian Taxonomy - Statistics

General Stats
  • This quiz has been taken 116 times
  • The average score is 4 of 9
Answer Stats
Taxon Answer % Correct
Class Mammalia
91%
Infraclass of Theria (2) Eutheria
68%
Subclass (2) Theria
63%
Suborder of Eutheria (4) Afrotheria
30%
Infraclass of Theria (2) Metatheria
30%
Suborder of Eutheria (4) Laurasiatheria
20%
Subclass (2) Prototheria
19%
Suborder of Eutheria (4) Xenarthra
19%
Suborder of Eutheria (4) Euarchontoglires
17%
No matching quizzes found
Score Distribution
Percent of People with Each Score
Percentile by Number Answered
Your Score History
You have not taken this quiz